000 00305nam a22001457a 4500
008 221209b ||||| |||| 00| 0 eng d
020 _a978495553953
041 _aeng
080 _a51
082 _a51STE
100 _a22.2
101 _aMATE
245 _aCOLLEGE ALGEBRA
_cSTEWART
942 _2udc
_cBK
999 _c59150
_d59150